000 00639nam a2200181Ia 4500
003 GCL
008 140319s9999 xx 000 0 ara d
040 _aGCL /
_cGCL
082 0 4 _a224.2
_bاا
100 1 _aابوالبقاء عبدالله بن الحس
245 1 0 _aاملاء ما من به الرحمن من وجوه الاعراب والقراءات فى جميع القران /
_cابوالبقاء عبدالله بن الحس
260 _a[S.N] :
_bدار الكتب العلمية للنشر والتوزيع ،
_c1979
300 _a300 ص
490 _a
650 0 4 _aنحو
650 0 4 _aالقران
942 _2ddc
_cBK
999 _c53861
_d53861